| 000 | 01083pam a2200289 a 4500 | ||
|---|---|---|---|
| 001 | 2960674 | ||
| 003 | OSt | ||
| 005 | 20160602152927.0 | ||
| 008 | 910701s1991 vau b 000 0 eng | ||
| 010 | _a 91026547 | ||
| 020 |
_a0871201852 : _c$13.95 |
||
| 040 |
_aDLC _cDLC _dDLC |
||
| 043 | _an-us--- | ||
| 050 | 0 | 0 |
_aLB 1576 _b.T3585 1991 |
| 082 | 0 | 0 |
_aGLT 375.428 _bT21 1991 |
| 100 | 1 |
_aTchudi, Stephen, _d1942- _922424 |
|
| 245 | 1 | 0 |
_aPlanning and assessing the curriculum in English language arts / _cStephen Tchudi. |
| 260 |
_aAlexandria, Va. : _bAssociation for Supervision and Curriculum Development, _c1991. |
||
| 300 |
_a112 p. : _c23 cm. |
||
| 650 | 0 |
_aLanguage arts _xCurricula _zUnited States. _922425 |
|
| 650 | 0 |
_aLanguage arts _xCurricula _zUnited States _vCase studies. _922426 |
|
| 650 | 0 |
_aEnglish language _xStudy and teaching _xCurricula _zUnited States. _922427 |
|
| 906 |
_a7 _bcbc _corignew _d1 _eocip _f19 _gy-gencatlg |
||
| 942 |
_2lcc _cBK |
||
| 999 |
_c12519 _d12519 |
||